Vliv migrace na specializaci občanů Evropské unie

Vplyv migrácie na špecializáciu občanov Európskej únie použitím neoklasického modelu trhovej rovnováhy. Testovanie hypotézy o dopade migrácie na špecializáciu občanov Strednej a Východnej Európy.

Saved in:
Bibliographic Details
Main Author: Polonyankina, Tatiana
Format: Book Chapter
Language:Czech
Subjects:
Tags: Add Tag
No Tags, Be the first to tag this record!

MARC

LEADER 00000naa a2200000 4500
001 0215589
005 20221019173956.9
041 0 |a cze 
044 |a CZ 
245 1 0 |a Vliv migrace na specializaci občanů Evropské unie  |c Tatiana Polonyankina 
520 |a Vplyv migrácie na špecializáciu občanov Európskej únie použitím neoklasického modelu trhovej rovnováhy. Testovanie hypotézy o dopade migrácie na špecializáciu občanov Strednej a Východnej Európy. 
610 2 0 |a migrácia 
610 2 0 |a Európska únia 
610 2 0 |a stredná Európa 
610 2 0 |a východná Európa 
610 2 0 |a špecializácia 
610 2 0 |a modely ekonomicko-matematické 
610 2 0 |a trh práce 
100 1 |a Polonyankina, Tatiana